| 000 | 00462nam a2200157 a 4500 | ||
|---|---|---|---|
| 005 | 20210223123001.0 | ||
| 008 | 991125s1973 mer 000 0 spa u | ||
| 035 | _aUPN01000045109 | ||
| 049 | _aF | ||
| 050 | 4 |
_aLB2221 _bP42 |
|
| 245 | 0 | 0 | _aPlanteamientos para una política nacional de educación superior. |
| 260 |
_aMérida, Ven. : _bUniversidad de los Andes, _c1973. |
||
| 300 | _a19 p. | ||
| 650 | 4 |
_aEDUCACION SUPERIOR - _zVENEZUELA _912782 |
|
| 905 | _aLibro | ||
| 999 |
_c45109 _d45109 |
||